000 00343nam a22001457a 4500
008 210301b ||||| |||| 00| 0 eng d
020 _a9780534921897
041 _aeng
080 _22nd
_a510
082 _a510
100 _a36
101 _aMAT
245 _aElementary Linear Algebra with applications
_cNicholoson, W.K
942 _2udc
_cBK
999 _c55366
_d55366